Qui soutiennent ces célébrités à la présidentielle américaine 2024 ? - Statistiques

Statistiques générales
  • Ce quiz a été pris 185 fois
  • Le résultat moyen est 22 sur 30
Statistiques - réponses
Hint Réponse % Correct
Billie Eilish Kamala Harris
95%
Elon Musk Donald Trump
94%
Lady Gaga Kamala Harris
94%
Scarlett Johansson Kamala Harris
93%
Julia Roberts Kamala Harris
89%
Taylor Swift Kamala Harris
89%
Kanye West Donald Trump
87%
Beyoncé Kamala Harris
87%
Jennifer Lopez Kamala Harris
86%
Madonna Kamala Harris
85%
Hulk Hogan Donald Trump
83%
Leonard Di Caprio Kamala Harris
82%
Logan Paul Donald Trump
81%
LeBron James Kamala Harris
81%
Eminem Kamala Harris
81%
George Clooney Kamala Harris
81%
Jake Paul Donald Trump
77%
Stephen Curry Kamala Harris
77%
Joe Exotic Donald Trump
72%
Kid Rock Donald Trump
70%
Mike Tyson Donald Trump
65%
Harrison Ford Kamala Harris
65%
Buzz Aldrin Donald Trump
62%
Mel Gibson Donald Trump
62%
Jason Aldean Donald Trump
61%
Lil Pump Donald Trump
59%
Spike Lee Kamala Harris
53%
Lil Wayne Donald Trump
50%
Amber Rose Donald Trump
40%
Caitlyn Jenner Donald Trump
38%
Aucun quiz correspondant
Distribution des résultats
% des personnes avec chaque résultat
Percentile par nombre de réponses
Votre historique - résultats
Vous n’avez pas pris ce quiz